Normal view
MARC view
- الارهاب - العلاقات الدولية - السياسة الخارجية
Entry Topical Term
001 - CONTROL NUMBER
- control field: 50067
003 - CONTROL NUMBER IDENTIFIER
- control field: JO-AjAnu
005 - DATE AND TIME OF LATEST TRANSACTION
- control field: 20230606082239.0
008 - FIXED-LENGTH DATA ELEMENTS
- fixed length control field: 230606|| aca||aabn | a|a d
040 ## - CATALOGING SOURCE
- Original cataloging agency: JO-AjAnu
- Transcribing agency: JO-AjAnu
150 ## - HEADING--TOPICAL TERM
- Topical term or geographic name entry element: الارهاب - العلاقات الدولية - السياسة الخارجية
670 ## - SOURCE DATA FOUND
- Source citation: Work cat.: (JO-AjAnu)25598: تأليف: فاخوري، جلال, author 50066, عولمة الارهاب والحروب الاستباقية